007990000a22001930004500090001400000245013700014650002500151650002900176650002700205650003200232651003900264653002200303041001300325100002800338942001300366773005100379999001700430952015800447 aARb0301310aNew species of frog of the genus Hyla from the cordillera Oriental in Northern Colombia with comments on the taxonomy of Hyla minuta14aHerpetología9802714aTaxonmía animal99660414aNuevas especies99290514aSistemática animal992968 4mGaragoadBoyacápColombia992749 gHylaeHyla minuta0 aInglés1 aKaplan, Moisés996605 cARTICULO1 tJournal of Herpetology349h1q79-87d1994g28 c12070d12070 001040718HEMEROTECAaBogotabBogotad2015-02-27hFuera de circulaciónl0oAR 03013p013511r2015-03-25 00:00:00t1w2015-03-25xDonaciónyARTICULO